000 00920nam a22003017a 4500
001 BR0000755
003 BR-BrBNA
005 20230928100548.0
007 ta
008 230509b bl.||||| |||| 00| 0 por d
040 _aBR-BrBNA
_bpor
_cBiblioteca Nacional de Agricultura
041 _a(Por)
072 _aF50; U10
_b0336
090 _ 0336 BR0000755
100 1 _aTeruel, D.A.
110 1 _aEscola Superior de Agricultura Luiz de Queiroz, Piracicaba, SP (Brasil)
_0Tese (Doutor em Agronomia)
245 1 _aCaracterizacao arquitetural do sistema radicular de soja
260 3 _aPiracicaba, SP (Brasil):
_c1999.
300 _a106 p.
500 _aSummaries (Eng, Por); Bibliography p. 102-106; 16 illus.
650 _aSoja
650 _aSistema Radicular
650 _aModelo Matematico
650 _aCondicao Ambiental
650 _aRendimento
909 _a202309
_bLucia
_c55
_dLucia Elande
942 _cBK
999 _c61821
_d61821